00668cam a22002051 450000100060000000300080000600500170001400800410003103500190007203500190009104000440011004100080015408200220016210000460018424501000023026000600033030000330039050400200042365000190044311496BD-RjUL20211208235133.0140126s1964 enka b 001 0 eng  a(BD-RjUL)11545 a(OCoLC)2141323 aDLCcOOxMdOCoLCdUkdDLCdBD-RjULbeng aeng00a547.596bULP 19641 aUlbricht, T. L. V.q(Tilo Lajos Vittorio)10aPurines, pyrimidines, and nucleotides, and the chemistry of nucleic acids,cby T.L.V. Ulbricht. aOxford :bPergamon Press;aNew York :bMacmillanc1964. avii, 79 p. :billus.c20 cm. aIncludes index. 0aNucleic acids.